New York Giants All Time Team - Statistics

General Stats
  • This quiz has been taken 58 times
  • The average score is 13 of 54
Answer Stats
Hint Answer % Correct
QB Eli Manning
100%
QB Phil Simms
86%
WR Odell Beckham Jr.
82%
KR/PR Odell Beckham Jr.
82%
RB Tikit Barber
76%
LB Lawrence Taylor
70%
DE Michael Strahan
60%
WR Victor Cruz
60%
TE Jeremy Shockey
56%
WR Plaxico Burress
52%
WR Amani Toomer
42%
WR Homer Jones
36%
QB Fran Tarkenton
34%
CB Mark Collins
32%
TE Mark Bavaro
28%
RB Frank Gifford
26%
LB Harry Carson
26%
DE Justin Tuck
26%
LB Carl Banks
24%
OT David Diehl
16%
S Emlen Tunnell
16%
CB Jason Sehorn
16%
C Mel hein
16%
RB Rodney Hampton
16%
OT Rosey Brown
16%
G Chris Snee
14%
DE Osi Umenyiora
14%
C Bart Oates
12%
P Jeff Feagles
12%
LB Sam Huff
10%
LS Zak DeOssie
10%
LB Brad Van Pelt
8%
WR Del Shofner
8%
LB Jessie Armstead
8%
DT Keith Hamilton
8%
DE Leonard Marshall
8%
TE Bob Tucker
6%
KR/PR Dave Meggett
6%
CB Dick Lynch
6%
DE Jim Katcavage
6%
OT Jumbo Elliot
6%
K Pete Gogolak
6%
S Spider Lockhart
6%
S Jimmy Patton
4%
DT John Mendenhall
4%
CB Mark Haynes
4%
DT Rosie Grier
4%
G William Roberts
4%
G Darrell Dess
2%
DT Erik Howard
2%
S Terry Kinard
2%
OT Doug Reisenberg
0%
G Doug Van Horn
0%
CB Erich Barnes
0%
No matching quizzes found
Score Distribution
Percent of People with Each Score
Percentile by Number Answered
Your Score History
You have not taken this quiz